La cuestión de límites entre Chile i la república Arjentina

Saved in:
Bibliografiske detaljer
Hovedforfatter: Amunátegui, Miguel Luis (Author)
Format: Bog
Sprog:spansk
Udgivet: Santiago Nacional 1879
Fag:
Tags: Tilføj Tag
Ingen Tags, Vær først til at tagge denne postø!

MARC

LEADER 00000nam a2200000 a 4500
001 UCP7704
003 CL-VaPUC
008 991217e18790000CL |||||||||||||||||spa|d
082 0 4 |a 341.42  |b AMU  |2 21 
100 0 |a Amunátegui, Miguel Luis  |e author  |9 437309 
245 1 3 |a La cuestión de límites entre Chile i la república Arjentina 
300 |a 3 v 
942 |c BK 
945 |d 19991217 00:00:00  |a crobeson 
260 |a Santiago  |b Nacional  |c 1879 
650 0 |a Límites   |9 255439 
650 0 |a Problemas limítrofes  |9 266724 
650 0 |a Relaciones Internacionales  |9 255740 
650 0 |a Negociaciones internacionales  |9 358691 
650 7 |a DERECHOS TERRITORIALES  |2 CL-VaPUC  |9 266725 
651 7 |a CHILE  |2 CL-VaPUC  |9 437310 
651 0 |a Argentina  |9 254888 
583 |a last modification  |c 19991217 00:00:00  |k Rodrigo Vera 
999 |c 284818  |d 284816 
952 |0 0  |1 0  |4 0  |6 341_420000000000000_AMU_1879  |7 0  |8 X  |9 329060  |a BIBHIS  |b BIBHIS  |d 2019-11-20  |h v.1  |i 1373951  |o 341.42 AMU 1879  |p 1373951  |r 2024-01-30  |w 2019-11-20  |y BK_X  |k HIS 
952 |0 0  |1 0  |4 0  |6 341_420000000000000_AMU_1879  |7 0  |8 X  |9 329061  |a BIBHIS  |b BIBHIS  |d 2019-11-20  |h v.2  |i 1373978  |o 341.42 AMU 1879  |p 1373978  |r 2024-01-30  |w 2019-11-20  |y BK_X  |k HIS 
952 |0 0  |1 0  |4 0  |6 341_420000000000000_AMU_1879  |7 0  |8 X  |9 329062  |a BIBHIS  |b BIBHIS  |d 2019-11-20  |h v.3  |i 137396K  |o 341.42 AMU 1879  |p 137396K  |r 2024-01-30  |w 2019-11-20  |y BK_X  |k HIS